000 00570nam a2200217Ia 4500
003 OSt
005 20220924133907.0
006 a|||||r|||| 00| 0
007 ta
008 220923b |||||||| |||| 00| 0 ara d
024 _a269690
037 _cTextual
040 _aARTS
_cARTS
_bara
041 _2ara
_aara
082 _aO28,6G93x, E0
100 _aRoos E. Denison
_9207604
245 0 _aBioliotheea India , marhamu l - ilali - l - mudila
260 _c1910
942 _hO28,6G93x, E0
_cTEXL
_2CC
999 _c435627
_d435627